Cross - purposes in the federal contract procurement system (Record no. 6605)

000 -LEADER
fixed length control field 00423pab a2200145 454500
008 - FIXED-LENGTH DATA ELEMENTS--GENERAL INFORMATION
fixed length control field 180718b1984 xxu||||| |||| 00| 0 eng d
100 ## - MAIN ENTRY--PERSONAL NAME
Personal name Hunt, Raymond G.
245 ## - TITLE STATEMENT
Title Cross - purposes in the federal contract procurement system
Remainder of title Military R & D and beyond
260 ## - PUBLICATION, DISTRIBUTION, ETC.
Date of publication, distribution, etc. 1984
300 ## - PHYSICAL DESCRIPTION
Extent 247-56
362 ## - DATES OF PUBLICATION AND/OR SEQUENTIAL DESIGNATION
Dates of publication and/or sequential designation May-June
650 ## - SUBJECT ADDED ENTRY--TOPICAL TERM
Topical term or geographic name entry element Contracts, Government - U.S.A.
773 ## - HOST ITEM ENTRY
Main entry heading Public Administration Review
909 ## -
-- 6605
Holdings
Withdrawn status Lost status Damaged status Not for loan Permanent Location Current Location Date acquired Serial Enumeration / chronology Barcode Date last seen Price effective from Koha item type
        Indian Institute of Public Administration Indian Institute of Public Administration 2018-07-19 Volume no: 44, Issue no: 3 AR6615 2018-07-19 2018-07-19 Articles

Powered by Koha